000 00700nam a2200181Ia 4500
003 GCL
008 140319s9999 xx 000 0 ara d
040 _aGCL /
_cGCL
082 0 4 _aم
_b342
_bخ م
100 1 _aخميس السيد اسماعيل
245 1 0 _aموسوعة المحاكمات التاديبية امام مجلس الدولة مع الحديث فى الفتاوى والاحكام وصيغ الدعاوى التاديبية /
_cخميس السيد اسماعيل
260 _a[S.N] :
_bالمجالس ،
_c1988
300 _a772 ص
650 0 4 _aالقانون
650 0 4 _aالقانون الادارى
650 0 4 _aمحاكم النقض والابرام
942 _2ddc
_cREF
999 _c59271
_d59271